| 000 | 01279nam0a2200337 4500 | ||
|---|---|---|---|
| 001 | RU\NLR\bibl\100323 | ||
| 005 | 20260406144559.0 | ||
| 010 |
_a5-8445-0016-4 _93000 |
||
| 021 |
_aRU _b2000-10740 _9534 |
||
| 035 | _a(NLR Aleph) 000098090 | ||
| 090 |
_a552887 _c552887 |
||
| 100 | _a20000726d2000 |||y0rusy50 ca | ||
| 101 | 1 |
_arus _ceng |
|
| 102 | _aRU | ||
| 105 | _ay ||||||||| | ||
| 200 | 1 |
_aПобедоносная Церковь _eВладычество над всеми силами тьмы _e[Пер. с англ.] _fКеннет Е. Хейгин |
|
| 210 |
_aСПб. _cБибл. взгляд _d2000 |
||
| 215 |
_a319,[1] с. _d20 |
||
| 300 | _aЗагл. и авт. ориг.: The triumphant church / Kenneth E. Hagin | ||
| 454 | 0 |
_12001#$aThe triumphant church$fKenneth E. Hagin _tThe triumphant church |
|
| 606 | 0 |
_aЕвангелизм _92071114 _3RU\NLR\auth\661245861 |
|
| 606 | 0 |
_aЕвангелизация _92082319 _3RU\NLR\auth\661258340 |
|
| 686 | _aЭ376,0 | ||
| 700 | 1 |
_4070 _8rus _7ca _aХейгин _bК. Е. _f1917-2003 _gКеннет Е. _3RU\NLR\auth\774243 _9114225 |
|
| 801 | 0 |
_aRU _bNLR _c20000726 _gPSBO |
|
| 801 | 1 |
_aRU _bNLR _c20000726 |
|
| 852 |
_aNLR _j2000-3/6751 |
||
| 942 | _cBOOK | ||
| 980 | _aNB | ||